[Event "WYCC U14 Girls"]
[Site "Caldas Novas BRA"]
[Date "2011.11.18"]
[Round "1"]
[White "Goryachkina,A"]
[Black "Xu,Xiaoyu"]
[Result "1-0"]
[WhiteElo "2313"]
[BlackElo "1744"]

1.d4 d5 2.c4 e6 3.Nf3 Nf6 4.g3 Be7 5.Bg2 Nbd7 6.Qc2 b6 7.cxd5 exd5 8.Qc6 Rb8
9.Bf4 Bb7 10.Qxc7 Qxc7 11.Bxc7 Rc8 12.Bf4 O-O 13.Nc3 Bb4 14.Bd2 Rfe8 15.Bh3 Bxc3
16.Bxc3 Rc7 17.Nd2 Ba6 18.e3 Ne4 19.Nxe4 dxe4 20.Kd2 Nf6 21.Bb4 Bd3 22.Rac1 Nd5
23.Rxc7 Nxc7 24.Rc1 Nd5 25.Ba3 h6 26.Rc8 Rxc8 27.Bxc8 g6 28.Bb7 Nf6 29.Be7 Kg7
30.Bxf6+ Kxf6 31.f3 Kf5 32.g4+ Kg5 33.fxe4 Bb5 34.Bc8 Kf6 35.e5+ Ke7 36.Bb7 Ke6
37.Bf3 Bd7 38.Bd1 Ke7 39.Kd3 Bc6 40.e4 Bd7 41.d5 Be8 42.Kd4 Bb5 43.a4 Be8
44.d6+ Ke6 45.Bb3+ Kd7 46.Bc4 Kc8 47.b3 Kd8 48.e6 fxe6 49.Bxe6 g5 50.e5 Bg6
51.Bf5 Be8 52.e6 Bc6 53.e7+  1-0

[Event "WYCC U18 Open"]
[Site "Caldas Novas BRA"]
[Date "2011.11.18"]
[Round "1"]
[White "Aghasaryan,R"]
[Black "Sztokbant,B"]
[Result "1/2-1/2"]
[WhiteElo "2331"]
[BlackElo "1969"]

1.d4 d5 2.c4 e6 3.Nf3 Nf6 4.g3 Be7 5.Bg2 O-O 6.O-O dxc4 7.Qc2 a6 8.a4 Bd7
9.Qxc4 Bc6 10.Bg5 Nbd7 11.Nc3 h6 12.Bxf6 Nxf6 13.Rfe1 Ne4 14.Ne5 Bd5 15.Qd3 Nxc3
16.bxc3 Bxg2 17.Kxg2 c5 18.Red1 Qc7 19.a5 Rab8 20.e3 Rfc8  1/2-1/2

[Event "25th British Rapidplay"]
[Site "Leeds ENG"]
[Date "2011.11.19"]
[Round "3"]
[White "Combie,A"]
[Black "Turner,Ma"]
[Result "0-1"]
[WhiteElo "2039"]
[BlackElo "2516"]

1.d4 Nf6 2.c4 e6 3.g3 d5 4.Bg2 Be7 5.Nf3 O-O 6.O-O dxc4 7.Qc2 a6 8.Qxc4 b5
9.Qc2 Bb7 10.Bd2 Nbd7 11.Ba5 Rc8 12.Nbd2 Nb6 13.b4 Nfd5 14.a3 f5 15.Ne5 Bf6
16.Nc6 Qd6 17.Rac1 Bxc6 18.Qxc6 Bxd4 19.Nb3 Bb2 20.Qxd6 cxd6 21.Rxc8 Rxc8
22.Bxb6 Nxb6 23.Bb7 Rc3 24.Na5 Bxa3 25.Bxa6 Bxb4 26.Nb7 Kf7 27.Bxb5 Ke7 28.Ra1 Nd5
29.Na5 Rc5 30.Nc6+ Kf6 31.Nxb4 Nxb4 32.Be8 Ke7 33.Bh5 g6 34.Ra7+ Kf6 35.Bf3 h5
36.h3 d5 37.g4 hxg4 38.hxg4 f4 39.Ra8 Nc6 40.Rc8 Rc4 41.Kg2 Nd4 42.Rf8+ Kg5
43.Re8 Rc2 44.Kf1 Kh6 45.Ke1 Kg7 46.Kd1 Ra2 47.g5 Kf7 48.Rb8 Nxf3 49.Rb7+ Kf8
50.Rb8+ Ke7 51.Rb7+ Kd6 52.exf3 Rxf2 53.Rg7 Rxf3 54.Rxg6 Rg3 55.Rg8 Ke5 56.Ke2 Kf5
57.Rf8+ Ke4 58.Rg8  0-1

[Event "25th Belgrade Trophy"]
[Site "Obrenovac SRB"]
[Date "2011.11.25"]
[Round "2.45"]
[White "Stamenkovic,A"]
[Black "Hestad,Bent"]
[Result "1-0"]
[WhiteElo "2300"]
[BlackElo "1711"]

1.d4 d5 2.Nf3 Nf6 3.c4 e6 4.g3 Be7 5.Bg2 O-O 6.O-O b6 7.Nc3 Bb7 8.Ne5 Nbd7
9.cxd5 exd5 10.Qa4 Nxe5 11.dxe5 Ne4 12.Nxe4 dxe4 13.Bxe4 Bxe4 14.Qxe4 c5
15.Be3 Qc7 16.Bf4 Qd7 17.Rad1 Qe6 18.Qd5 Rad8 19.Qb7 g5 20.Be3 Qxe5 21.Rxd8 Rxd8
22.Qxa7 f5 23.Re1 Rf8 24.Qxb6 f4 25.Bd2 fxg3 26.hxg3 Qd4 27.Be3 Qe5 28.Qb3+ Kg7
29.Qc3  1-0

[Event "25th Belgrade Trophy"]
[Site "Obrenovac SRB"]
[Date "2011.11.25"]
[Round "2.37"]
[White "Nenezic,M"]
[Black "Dzunic,V"]
[Result "1-0"]
[WhiteElo "2329"]
[BlackElo "2079"]

1.Nf3 d5 2.d4 Nf6 3.c4 e6 4.g3 Be7 5.Bg2 O-O 6.O-O dxc4 7.Qc2 a6 8.Qxc4 b5
9.Qc2 Bb7 10.Bd2 Nc6 11.e3 Rb8 12.Rc1 Bd6 13.e4 e5 14.d5 Ne7 15.Bg5 c6 16.Bxf6 gxf6
17.dxc6 Bxc6 18.Nbd2 Bd7 19.Nf1 Be6 20.Qd2 Kg7 21.Ne3 Qb6 22.Nh4 Rfd8 23.Qe2 Bc5
24.Nd5 Nxd5 25.exd5 Bxd5 26.Nf5+ Kh8 27.Bxd5 Rxd5 28.Rc2 e4 29.Qxe4 Qe6 30.Qf4 Rbd8
31.Nh4 Bd6 32.Qf3 Be5 33.Rac1 Rd3 34.Qe2 Qe7 35.b3 a5 36.Nf3 Qe6 37.Kg2 b4
38.Rc5 Bc3 39.Rc4 R3d6 40.Rc7 R6d7 41.Rxd7 Qxd7 42.h4 Qd5 43.Rc2 Kg7 44.Qf1 Re8
45.Re2 Re4 46.Rxe4 Qxe4 47.Qb5 h6 48.Qxa5 f5 49.Qa6 Qc2 50.h5 Qe4 51.Qc4 Kf6
52.Qa6+ Kg7 53.a3 bxa3 54.Qxa3 Qg4 55.Qc5 Bf6 56.b4 Qe4 57.b5 f4 58.Qc6 Qb4
59.g4 Bd8 60.Qd5 Bf6 61.Qc6 Bd8 62.Qb7 Qc5 63.Qb8 Bc7 64.Qc8 Qd6 65.Qf5 Kg8
66.g5 hxg5 67.Nxg5 f3+ 68.Kxf3 Qd1+ 69.Kg2 Qxh5 70.Qc8+ Kg7 71.Qxc7  1-0

[Event "47th American Open"]
[Site "Orange USA"]
[Date "2011.11.25"]
[Round "4"]
[White "Kavutskiy,K"]
[Black "Zavadsky,P1"]
[Result "1/2-1/2"]
[WhiteElo "2303"]
[BlackElo "2283"]

1.d4 d5 2.c4 e6 3.Nf3 Nf6 4.g3 Be7 5.Bg2 O-O 6.O-O c6 7.Qc2 b6 8.Nbd2 Bb7
9.e4 Nbd7 10.e5 Ne8 11.Re1 Nc7 12.cxd5 exd5 13.Nf1 Ne6 14.Ne3 g6 15.Ng4 c5
16.Bh6 Re8 17.Qd2 cxd4 18.Nxd4 Ndc5 19.Nxe6 fxe6 20.h4 Rc8 21.Bg5 Rf8 22.Bf6 Bxf6
23.Nxf6+ Kg7 24.h5 Nd7 25.h6+ Kh8 26.Nxd5 Nc5 27.b4 Na4 28.Qd1 Bxd5 29.Qxa4 Bxg2
30.Kxg2 Qd5+ 31.Kg1 Qd4 32.Rf1 Rc3 33.Kg2 Qe4+ 34.Kg1 Qd4 35.Kg2 Qg4 36.Kg1 Rxg3+
37.fxg3 Qxg3+ 38.Kh1 Qh4+ 39.Kg1 Qg5+ 40.Kh1 Qxh6+ 41.Kg1 Qg5+ 42.Kh1 Qh4+
43.Kg1 Qd4+ 44.Kh1 Qh4+ 45.Kg1 Qg4+ 46.Kh1 Qh3+  1/2-1/2

[Event "TCh-SVK Extraliga 2011-12"]
[Site "Slovakia SVK"]
[Date "2011.11.26"]
[Round "3"]
[White "Macak,S"]
[Black "Federic,J"]
[Result "1-0"]
[WhiteElo "2368"]
[BlackElo "2270"]

1.d4 d5 2.Nf3 Nf6 3.g3 e6 4.c4 Be7 5.Bg2 O-O 6.O-O c6 7.Qc2 b6 8.Rd1 Bb7
9.Ne5 Na6 10.Nc3 Rc8 11.Qa4 Qe8 12.Bf4 dxc4 13.Qxc4 Nd5 14.a4 Nab4 15.Qb3 a5
16.Bd2 Ba6 17.e4 Nf6 18.Na2 c5 19.dxc5 Nxa2 20.Qxb6 Be2 21.Re1 Bxc5 22.Qxa5 Bd4
23.Rxa2 Bh5 24.Nf3 Bxf3 25.Bxf3 e5 26.Bc3 Qe6 27.Bxd4 Qxa2 28.Bxe5 Ra8 29.Qd2 Rfd8
30.Qf4 Rxa4 31.Bxf6 gxf6 32.Qxf6 Rb8 33.Bh5 Qe6 34.Qg5+ Kf8 35.Qc5+ Kg8 36.Qg5+ Kf8
37.e5 Rxb2 38.Rd1 Rb8 39.Rd6 Ra1+ 40.Kg2 Qc4 41.e6 Qf1+ 42.Kf3 Ra3+ 43.Kg4 Rb4+
44.f4 Rxf4+ 45.Qxf4 Qe2+ 46.Kg5 Ra5+ 47.Kf6 Qb2+ 48.Qd4 Qxd4+ 49.Rxd4 Ra8
50.Bxf7  1-0

[Event "TCh-SVK Extraliga 2011-12"]
[Site "Slovakia SVK"]
[Date "2011.11.26"]
[Round "3"]
[White "Lipka,J"]
[Black "Michalik,P"]
[Result "1/2-1/2"]
[WhiteElo "2443"]
[BlackElo "2511"]

1.Nf3 Nf6 2.c4 e6 3.g3 d5 4.d4 Be7 5.Bg2 O-O 6.O-O c6 7.Qc2 b6 8.Bf4 Ba6
9.Nbd2 Nbd7 10.Ne5 Nxe5 11.Bxe5 Ng4 12.cxd5 cxd5 13.Nf3 Rc8 14.Qd2 Qe8 15.Rfc1 Qb5
16.Bf1 f6 17.Bc7 Qd7 18.Bf4 g5 19.Be3 Qa4 20.Bh3 h5 21.a3 Kf7 22.Ne1 Qb3
23.Nd3 Nh6 24.Rxc8 Rxc8 25.Rc1 Rxc1+ 26.Nxc1 Qc4 27.f3 g4 28.Bxh6 gxh3 29.Be3 e5
30.Qd3 e4 31.Qxc4 Bxc4 32.Kf2 Ke6 33.Bf4 Kf5 34.Bb8 a6 35.Bc7 b5 36.Ba5 Bf8
37.Bd2 b4 38.Bxb4 Bh6 39.f4 h4 40.e3 Kg4 41.gxh4 Kxh4 42.Be7 Bg7 43.b3 Bd3
44.Na2 Kg4 45.Nc3 Kf5 46.Bc5 Ke6 47.Kg3 Bf1 48.b4 f5 49.Nd1 Bf6 50.Nf2 Kf7
51.Nxh3 Kg6 52.Ng5 Kh5 53.a4 Kg6 54.b5 axb5 55.a5 b4 56.Bxb4 Bc4 57.h3 Ba6
58.Kg2 Bc8 59.Kf2 Bd8 60.Ke2 Kh5 61.Kd1 Kh4 62.Be1+ Kh5 63.Kc2 Be7 64.Kb3 Kg6
65.Bb4 Bd8 66.Ka3 Bc7 67.Kb3 Bd8 68.Kc3 Bc7 69.Kb3 Bd8 70.Ka3 Bc7 71.Kb3 Bd8
72.Kc3 Bc7 73.Kb3 Bd7  1/2-1/2

[Event "TCh-SVK Extraliga 2011-12"]
[Site "Slovakia SVK"]
[Date "2011.11.26"]
[Round "3"]
[White "Cernousek,L"]
[Black "Rojicek,V"]
[Result "0-1"]
[WhiteElo "2438"]
[BlackElo "2406"]

1.d4 Nf6 2.c4 e6 3.g3 d5 4.Nf3 Be7 5.Bg2 O-O 6.O-O c6 7.Qc2 Nbd7 8.Bf4 Nh5
9.Bc1 Nhf6 10.Nbd2 b6 11.e4 Ba6 12.b3 Rc8 13.Bb2 c5 14.exd5 exd5 15.Qf5 g6
16.Qh3 b5 17.Ng5 bxc4 18.bxc4 h5 19.Ne6 Qb6 20.Nxf8 Bxf8 21.Rab1 dxc4 22.d5 Qd6
23.Bxf6 Nxf6 24.Nxc4 Qd8 25.Qh4 Bh6 26.Ne5 Bxf1 27.Rxf1 Qd6 28.Nc6 Re8 29.Qc4 Nd7
30.Nxa7 Bf8 31.Nc6 Ra8 32.Rb1 Ra3 33.Rb7 Nf6 34.Rb8 Ng4 35.h3 Nxf2 36.Kxf2 Qxg3+
37.Kg1 Qe3+ 38.Kh1 Rc3 39.Qe4 Rc1+ 40.Kh2 Qg1+ 41.Kg3 Rc3+ 42.Kf4 Qc1+ 43.Ke5 Qg5+  0-1

[Event "Vilnius Open 2011"]
[Site "Vilnius LTU"]
[Date "2011.11.26"]
[Round "8"]
[White "Gaizauskaite,Ginte"]
[Black "Duenas,A"]
[Result "0-1"]
[WhiteElo "1662"]
[BlackElo "1915"]

1.d4 Nf6 2.g3 d5 3.Bg2 e6 4.Nf3 Be7 5.c4 O-O 6.O-O dxc4 7.Ne5 Nc6 8.Nxc6 bxc6
9.Qa4 Bb7 10.Qxc4 Nd5 11.Rd1 a5 12.a3 Ba6 13.Qc2 Qd7 14.Bf3 Rfb8 15.Nc3 Ra7
16.Na4 Qe8 17.Bd2 h6 18.Rdc1 Bf8 19.Rab1 Bb5 20.Nc5 Bxc5 21.Qxc5 Rba8 22.b3 a4
23.bxa4 Rxa4 24.Bb4 Nxb4 25.axb4 Ra2 26.Rc2 Rxc2 27.Qxc2 Qd7 28.Qc5 Qd6 29.e3 Qxc5
30.dxc5 Kf8 31.Be4 Ke7 32.Kg2 Ra2 33.h4 f5 34.Bf3 g6 35.Kg1 e5 36.Bg2 e4
37.Bh3 h5 38.Bf1 Bd3 39.Bxd3 exd3 40.Rd1 Ra3 41.Kf1 Ke6 42.Kg2 Kd5 43.Kf3 Kc4
44.Kf4 Kc3 45.Kf3 Kc2 46.Rf1 Rb3 47.e4 Rb1 48.exf5 gxf5 49.Rxb1 Kxb1 50.Ke3 Kc2  0-1

[Event "TCh-CZE Liga 1 Zapad"]
[Site "Czech Rep CZE"]
[Date "2011.11.27"]
[Round "4.4"]
[White "Lamser,J"]
[Black "Tichy,Vl"]
[Result "1/2-1/2"]
[WhiteElo "2181"]
[BlackElo "2257"]

1.c4 Nf6 2.Nf3 e6 3.g3 d5 4.Bg2 Be7 5.d4 O-O 6.O-O b6 7.cxd5 exd5 8.Nc3 Bb7
9.Qc2 Na6 10.a3 c6 11.b3 Re8 12.Bb2 Nc7 13.Rfd1 Bf8 14.b4 a5 15.Qb3 axb4
16.axb4 Ba6 17.Ne5 Qd6 18.Ba3 Nb5 19.Nxb5 Bxb5 20.Rdc1 Ra7 21.e3 Rea8 22.Bf1 Bxf1
23.Kxf1 Ne4 24.Kg2 Nd2 25.Qc3 Nc4 26.Bb2 b5 27.Nd3 Qg6 28.Rxa7 Rxa7 29.Nc5 h5
30.Ra1 Rxa1 31.Bxa1 h4 32.Qd3 Qf6 33.Qd1 h3+ 34.Kg1 Bxc5 35.dxc5 Qf5 36.Bd4 Qg6
37.f3 Qe6 38.Kf2 Qg6 39.Ke2  1/2-1/2

[Event "Frauenbundesliga 2011-12"]
[Site "Germany GER"]
[Date "2011.11.27"]
[Round "4.4"]
[White "Korenova, Martina"]
[Black "Hoolt, Sarah"]
[Result "0-1"]
[WhiteElo "2220"]
[BlackElo "2286"]

1.d4 Nf6 2.c4 e6 3.g3 d5 4.Bg2 Be7 5.Nf3 O-O 6.O-O Nbd7 7.b3 c6 8.Bb2 b6
9.Nbd2 Bb7 10.Qc2 Rc8 11.e4 c5 12.e5 Ne8 13.Rfe1 Nc7 14.Rad1 b5 15.Qb1 h6
16.h4 bxc4 17.bxc4 Ba6 18.Bf1 Nb6 19.dxc5 Bxc5 20.Nd4 Qe8 21.cxd5 Bxf1 22.Rxf1 Ncxd5
23.Ne4 Be7 24.Qd3 Nc4 25.Ba1 Nxe5 26.Qa6 Qd7 27.Rb1 Nb4 28.Qa5 Nbc6 29.Nxc6 Nxc6
30.Qa4 e5 31.Rfd1 Qe6 32.Rb5 Rfd8 33.Re1 Nd4 34.Bxd4 Rxd4 35.Qxa7 Bb4 36.Re3 Qh3  0-1

[Event "25th Belgrade Trophy"]
[Site "Obrenovac SRB"]
[Date "2011.11.27"]
[Round "4.7"]
[White "Filip,L"]
[Black "Sarenac,I"]
[Result "1-0"]
[WhiteElo "2471"]
[BlackElo "2327"]

1.Nf3 Nf6 2.c4 e6 3.g3 d5 4.d4 Be7 5.Bg2 O-O 6.O-O dxc4 7.Qc2 a6 8.a4 Bd7
9.Rd1 Bc6 10.Nc3 Nbd7 11.e4 b5 12.d5 exd5 13.e5 b4 14.exf6 Nxf6 15.Ne5 Bb7
16.Nxd5 Nxd5 17.Qxc4 Bd6 18.Nc6 Bxc6 19.Qxc6 Nb6 20.a5 Nd7 21.Qxa8 Qxa8 22.Bxa8 Rxa8
23.Bf4 Ne5 24.Rac1 Rb8 25.Be3 g5 26.Kg2 g4 27.Bc5 Rb5 28.Bxd6 cxd6 29.Rxd6 Rxa5
30.Rd4 Rb5 31.Rcd1 f6 32.Rd5 Rb7 33.Rd6 Rc7 34.Rxf6 Rc2 35.Rxa6 Kf7 36.Rdd6 Nc4
37.Rdc6 Ke7 38.b3 Ne3+ 39.Kg1 Rxc6 40.Rxc6 Nd5 41.Kf1 Kd7 42.Rh6 Nc3 43.Rxh7+  1-0

[Event "25th Belgrade Trophy"]
[Site "Obrenovac SRB"]
[Date "2011.11.27"]
[Round "4.24"]
[White "Pantovic,D"]
[Black "Janev,T"]
[Result "0-1"]
[WhiteElo "2133"]
[BlackElo "2366"]

1.Nf3 Nf6 2.c4 e6 3.g3 d5 4.d4 Be7 5.Bg2 O-O 6.O-O dxc4 7.Qc2 a6 8.Qxc4 b5
9.Qc2 Bb7 10.Bd2 Be4 11.Qc1 Ra7 12.a3 Nbd7 13.Nc3 Bb7 14.Qc2 Qa8 15.Bf4 Rc8
16.b4 Nd5 17.Ng5 Bxg5 18.Nxd5 Bxd5 19.Bxd5 Qxd5 20.e4 Qa8 21.Bxg5 a5 22.Rad1 Nb6
23.Be7 axb4 24.axb4 Ra2 25.Qb1 Nc4 26.Rfe1 Qa6 27.d5 Ne5 28.Re3 Re8 29.Bc5 Ng4
30.Red3 h5 31.dxe6 Qxe6 32.Rd8 Re2 33.Rxe8+ Qxe8 34.Qd3 Rxe4 35.Qd8 Re1+
36.Kg2 Nf6 37.Qxe8+ Rxe8 38.Ra1 Nd5 39.Ra5 c6 40.Ra6 Re6 41.f4 Re2+ 42.Kf3 Rb2
43.Rxc6 Nxb4 44.Rc8+ Kh7 45.Rf8 f6 46.Rf7 Nd3 47.Bd4 Rxh2 48.Rb7 Ne1+ 49.Ke4 Kh6
50.Rxb5 Re2+ 51.Kf5 Nf3 52.Bb2 Nh2 53.Rb8 Kh7 54.Bxf6 g6+ 55.Kg5 Nf3+  0-1

[Event "TCh-SVK Extraliga 2011-12"]
[Site "Slovakia SVK"]
[Date "2011.11.27"]
[Round "4"]
[White "Tibensky,R"]
[Black "Jurcik,Mart"]
[Result "1/2-1/2"]
[WhiteElo "2410"]
[BlackElo "2355"]

1.d4 Nf6 2.c4 e6 3.g3 d5 4.Nf3 Be7 5.Bg2 c6 6.O-O Nbd7 7.Qc2 O-O 8.Nbd2 b6
9.e4 Bb7 10.e5 Ne8 11.cxd5 cxd5 12.Re1 Qc7 13.Qd1 Rc8 14.Bf1 Qc2 15.Bb5 Qxd1
16.Rxd1 Nb8 17.Nf1  1/2-1/2

[Event "Cultural Village Tournament"]
[Site "Wijk aan Zee NED"]
[Date "2011.11.27"]
[Round "6.5"]
[White "Adhiban,B"]
[Black "Klein,Da"]
[Result "1-0"]
[WhiteElo "2544"]
[BlackElo "2378"]

1.d4 Nf6 2.c4 e6 3.g3 d5 4.Nf3 Be7 5.Bg2 O-O 6.O-O dxc4 7.Qa4 a6 8.Qxc4 b5
9.Qc2 Bb7 10.Bd2 Be4 11.Qc1 Bb7 12.a3 a5 13.Bf4 Nd5 14.Nc3 Nxf4 15.Qxf4 b4
16.Na4 Nd7 17.Rfc1 Bd6 18.Qe3 Bd5 19.Qd3 f5 20.Nd2 Nf6 21.Nc5 Qe7 22.e3 Kh8
23.axb4 axb4 24.Rxa8 Rxa8 25.Qb5 Bxg2 26.Kxg2 e5 27.Qxb4 exd4 28.Qxd4 Rd8
29.Nf3 Bxg3 30.Qc4 Bxf2 31.Kxf2 Ng4+ 32.Kg3 Qxe3 33.Rc2 Rd1 34.Qe6 Rg1+ 35.Kh4 g5+
36.Nxg5 Qxe6 37.Ncxe6 h6 38.Nf3 Rf1 39.Nfd4 Rh1 40.h3 Ne3 41.Rxc7 Rg1 42.Kh5 f4
43.Nxf4 Ng2 44.Ng6+ Kg8 45.Kxh6 Nh4 46.Rg7+  1-0

[Event "XXVII Silesian Cup"]
[Site "Legnica POL"]
[Date "2011.11.28"]
[Round "6"]
[White "Hnydiuk,A"]
[Black "Pieniazek,Ar"]
[Result "1/2-1/2"]
[WhiteElo "2431"]
[BlackElo "2359"]

1.Nf3 Nf6 2.c4 e6 3.g3 d5 4.d4 Be7 5.Bg2 O-O 6.O-O dxc4 7.Qc2 a6 8.Qxc4 b5
9.Qc2 Bb7 10.Bd2 Be4 11.Qb3 c5 12.dxc5 Nbd7 13.Be3 Nxc5 14.Qd1 Rc8 15.Nc3 Bb7
16.a3 Qc7 17.Rc1 Rfd8 18.Qc2 Qb8 19.Qb1 Nce4 20.Nxe4 Bxe4 21.Qa1 Nd5 22.Bd4 Bf6
23.Bxf6 Nxf6 24.Rxc8 Rxc8 25.Rc1 h6 26.Rxc8+ Qxc8 27.Qd1 Qb7 28.Ne1 Bxg2
29.Nxg2 Qd5 30.Qc2 Qd6 31.Nf4 h5  1/2-1/2

[Event "8th Vasylyshyn Mem IM"]
[Site "Lviv UKR"]
[Date "2011.11.30"]
[Round "2"]
[White "Nester,I"]
[Black "Buksa,N"]
[Result "1/2-1/2"]
[WhiteElo "2341"]
[BlackElo "2062"]

1.Nf3 e6 2.c4 Nf6 3.g3 d5 4.d4 Be7 5.Bg2 O-O 6.Nbd2 b6 7.O-O Bb7 8.Ne5 c5
9.dxc5 Bxc5 10.Nd3 Be7 11.Nf4 Na6 12.b3 Bd6 13.Nd3 Nc5 14.Nxc5 Bxc5 15.Bb2 Qe7
16.cxd5 Nxd5 17.Nc4 Rfd8 18.Qb1 Rac8 19.a3 a5 20.Qe4 Ba8 21.Qg4 Nf6 22.Qh3 Bd5
23.Bxd5 exd5 24.Ne5 d4 25.Ng4 Qxe2 26.Nxf6+ gxf6 27.Rab1 Qf3 28.b4 axb4 29.axb4 Bf8
30.Bxd4 Rc6 31.Be3 Rcd6 32.b5 Bg7 33.Qg2 Qxg2+ 34.Kxg2 f5 35.Rfc1 Bd4 36.Bxd4 Rxd4
37.Rc6 R4d6 38.Kf3 Kg7 39.Kf4 Rd4+ 40.Kf3 Rd3+  1/2-1/2

[Event "Cultural Village Tournament"]
[Site "Wijk aan Zee NED"]
[Date "2011.11.30"]
[Round "9.2"]
[White "Sethuraman,S"]
[Black "Klein,Da"]
[Result "0-1"]
[WhiteElo "2543"]
[BlackElo "2378"]

1.d4 Nf6 2.c4 e6 3.Nf3 d5 4.g3 Be7 5.Bg2 O-O 6.O-O dxc4 7.Nc3 Nc6 8.e4 Na5
9.Qe2 Rb8 10.Rd1 b5 11.d5 exd5 12.e5 c6 13.exf6 Bxf6 14.Be3 Re8 15.Qc2 a6
16.Ne4 Rxe4 17.Ng5 Rxe3 18.Qxh7+ Kf8 19.fxe3 Bxg5 20.Qh8+ Ke7 21.Qxg7 Bf6
22.Qh6 Qh8 23.Qf4 Be5 24.Qf2 Be6 25.Rab1 b4 26.a3 Nb3 27.axb4 Rxb4 28.Rf1 a5
29.Bf3 Nc5 30.Qc2 Qh6 31.Qe2 Rb3 32.Rfe1 Nd3 33.Rf1 Bd6 34.e4 d4  0-1

[Event "61st ch-GRE 2011"]
[Site "Chania GRE"]
[Date "2011.12.01"]
[Round "5"]
[White "Galopoulos,N"]
[Black "Mastrovasilis,A"]
[Result "1-0"]
[WhiteElo "2379"]
[BlackElo "2530"]

1.d4 d5 2.c4 e6 3.Nf3 Nf6 4.g3 Be7 5.Bg2 O-O 6.O-O c6 7.Qc2 Nbd7 8.Nbd2 b6
9.e4 Bb7 10.e5 Ne8 11.b3 Rc8 12.Bb2 Nc7 13.Rfd1 Qe8 14.Rac1 c5 15.Qb1 Ba6
16.dxc5 Nxc5 17.Nd4 Bb7 18.b4 Nd7 19.Ba1 Ba8 20.Nb5 Nxb5 21.cxb5 f6 22.Rxc8 Qxc8
23.exf6 Nxf6 24.Bd4 Qe8 25.a4 Bd6 26.Re1 e5 27.Qb2 Qh5 28.Bf3 Ng4 29.Bxg4 Qxg4
30.Bxe5 Bxb4 31.Bd4 Bd6 32.Nb3 Qf3 33.Qe2 Qxe2 34.Rxe2 Kf7 35.Ra2 Bb4 36.a5 bxa5
37.Nxa5 Rb8 38.Nc6 Bxc6 39.Rxa7+ Rb7 40.bxc6 Rxa7 41.Bxa7 Ke6 42.Bb8 g5 43.f4 gxf4
44.gxf4 Ba5 45.f5+ Kxf5 46.c7 Bxc7 47.Bxc7 Ke4 48.Kf2 Kd3 49.Kf3 d4 50.Bf4 Kc2
51.Ke2 h5 52.h4 Kc3 53.Be5 Kc4 54.Kf3 Kd5  1-0

[Event "Final Russian Rapid GP"]
[Site "Apatity RUS"]
[Date "2011.12.02"]
[Round "1.2"]
[White "Evdokimov,Alexa"]
[Black "Grischuk,A"]
[Result "1/2-1/2"]
[WhiteElo "2569"]
[BlackElo "2752"]

1.d4 d5 2.c4 e6 3.Nf3 Nf6 4.g3 Be7 5.Bg2 O-O 6.O-O dxc4 7.Qc2 a6 8.a4 Bd7
9.Qxc4 Bc6 10.Bf4 a5 11.Nc3 Na6 12.Rad1 Nb4 13.Ne5 Bd5 14.Nxd5 exd5 15.Qb3 c6
16.Rfe1 Bd6 17.Bd2 Qe7 18.Bc3 Rfe8 19.Bh3 c5 20.Bxb4 axb4 21.Ng4 c4 22.Qf3 Ne4
23.Ne3 Ng5 24.Qg4 Nxh3+ 25.Qxh3 Qe6 26.Qg2 Rxa4 27.Nxd5 Ra2 28.Rb1 c3 29.bxc3 Rxe2
30.Rxe2 Qxe2 31.Nxb4 Bxb4 32.cxb4 Qd3 33.Rf1 Re4 34.Qh3 g6 35.Qc8+ Kg7 36.Qxb7 Qxd4
37.b5 Re2 38.Qf3 Rb2 39.Rd1 Qc4 40.Qd5 Qxb5 41.Qd4+ Kg8 42.Qd8+ Kg7 43.Qd4+ Kg8
44.Qe4 Re2 45.Rd8+ Kg7 46.Qd4+ Qe5 47.Qxe5+ Rxe5 48.h4 h5 49.Kg2  1/2-1/2

[Event "25th Belgrade Trophy"]
[Site "Obrenovac SRB"]
[Date "2011.12.02"]
[Round "9.18"]
[White "Tosic,M"]
[Black "Sorgic,D"]
[Result "1-0"]
[WhiteElo "2444"]
[BlackElo "2246"]

1.d4 d5 2.c4 e6 3.Nf3 Nf6 4.g3 Be7 5.Bg2 O-O 6.O-O dxc4 7.Na3 c5 8.Nxc4 Nc6
9.dxc5 Bxc5 10.Bf4 Nd5 11.Bd2 h6 12.Rc1 Qe7 13.a3 b5 14.Nfe5 Nxe5 15.Nxe5 Bb7
16.Nd3 Rfc8 17.Qb3 a6 18.e4 Bxf2+ 19.Nxf2 Nb6 20.Qf3 Nc4 21.Bb4 Qg5 22.Qe2 a5
23.Bc3 Qc5 24.b3 Nxa3 25.Bb2 Qe7 26.Ng4 b4 27.h4 h5 28.Ne5 Rxc1 29.Rxc1 Rc8
30.Rxc8+ Bxc8 31.Qxh5 Nb5 32.Ng6 fxg6 33.Qxb5 Qc7 34.Qe5 Qxe5 35.Bxe5 Bd7
36.Kf2 a4 37.bxa4 Bxa4 38.Ke3 Kf7 39.Bd6 b3 40.Be5 Bb5 41.Kd2 g5 42.hxg5 b2
43.Bxb2 Ba6 44.Bf3 Bb5 45.Bh5+  1-0

[Event "Porec Open 2011"]
[Site "Porec CRO"]
[Date "2011.12.02"]
[Round "3.12"]
[White "Pasalic,E"]
[Black "Brzac,M"]
[Result "1-0"]
[WhiteElo "2082"]
[BlackElo "1870"]

1.d4 e6 2.c4 Nf6 3.Nf3 d5 4.g3 Be7 5.Bg2 O-O 6.O-O c5 7.cxd5 Nxd5 8.Nc3 Nxc3
9.bxc3 cxd4 10.cxd4 Nc6 11.Rb1 Rb8 12.Qa4 b5 13.Rxb5 Rxb5 14.Qxb5 Nxd4 15.Nxd4 Qxd4
16.Be3 a6 17.Qc6 Qb2 18.Rc1 h6 19.Qc7 Bb4 20.Be4 Qxe2 21.Qb8 Qb5 22.Qxb5 axb5
23.Rb1 Bc3 24.Rxb5 e5 25.Bc5 Re8 26.Bc6 Re6 27.Bd5 Bd7 28.Rb3 Bd4 29.Bxe6 Bxe6
30.Rb8+ Kh7 31.Bxd4 exd4 32.a4 d3 33.Rd8 Bc4 34.Rd4 Ba6 35.Rd6 Bc4 36.a5 f6
37.a6 d2 38.a7  1-0

[Event "Porec Open 2011"]
[Site "Porec CRO"]
[Date "2011.12.02"]
[Round "3.8"]
[White "Havas,Ju"]
[Black "Znidarcic,A"]
[Result "1/2-1/2"]
[WhiteElo "2070"]
[BlackElo "2177"]

1.d4 d5 2.c4 e6 3.Nf3 Nf6 4.g3 Be7 5.Bg2 O-O 6.Qc2 c5 7.dxc5 Bxc5 8.O-O Nbd7
9.Nbd2 a5 10.e4 dxe4 11.Nxe4 Nxe4 12.Qxe4 Nf6 13.Qc2 Qb6  1/2-1/2

[Event "ITT Pre Jahv Mcgregor"]
[Site "Silvania COL"]
[Date "2011.12.03"]
[Round "7"]
[White "Cordova,E"]
[Black "Ortiz Suarez,I"]
[Result "1/2-1/2"]
[WhiteElo "2538"]
[BlackElo "2553"]

1.d4 e6 2.Nf3 d5 3.c4 Nf6 4.g3 Be7 5.Bg2 O-O 6.O-O c6 7.Qc2 Nbd7 8.Nbd2 b6
9.e4 dxe4 10.Nxe4 Nxe4 11.Qxe4 Bb7  1/2-1/2

[Event "80th Anniversary Mollet CM"]
[Site "Mollet del Valles ESP"]
[Date "2011.12.04"]
[Round "2"]
[White "Camus,Adrian Hugo"]
[Black "Morais Carreras,J"]
[Result "1/2-1/2"]
[WhiteElo "1955"]
[BlackElo "1996"]

1.d4 d5 2.Nf3 Nf6 3.c4 e6 4.g3 Be7 5.Bg2 O-O 6.O-O Nbd7 7.Qc2 Re8 8.Nbd2 c6
9.b3 b6 10.Bb2 Bb7 11.cxd5 cxd5 12.Rad1 Rc8 13.Qd3 Nb8 14.Rfe1 Nc6 15.Bf1 Nb4
16.Qb1 Nc2 17.e3 Nxe1 18.Rxe1 Bb4 19.a3 Bxd2 20.Nxd2 Qc7 21.Bd3 h6 22.Nf3 Qe7
23.Ne5 Nd7 24.Nf3 a6 25.Qd1 b5 26.Bb1 Qf6 27.Qe2 Ba8 28.Kg2 g6 29.h4 Bb7
30.Rh1 h5 31.Rd1 Bc6 32.Re1 a5 33.Bd3 Rb8 34.Kg1 a4 35.b4 Rec8 36.Kg2 Nb6
37.Ne5 Nc4 38.Nf3 Nxb2 39.Qxb2 Be8 40.Ne5 Rc7 41.Bb1 Rbc8 42.Nd3 Qe7 43.Nc5 f6
44.Ba2 Rd8 45.Rc1 Bc6 46.Bb1 f5 47.f4 Rf8 48.Kh2 e5 49.dxe5 Ba8 50.Qd4 Rcc8
51.Ba2 Kh7 52.Bb1 Rfe8 53.Bd3 Bc6 54.Be2 Qg7 55.Bf3 Ba8 56.Be2 Rb8 57.Na6 Rbc8
58.Nc5 Rb8 59.Na6 Rbc8  1/2-1/2

[Event "2nd JAHV McGregor Open"]
[Site "Bogota COL"]
[Date "2011.12.07"]
[Round "4"]
[White "Gallego Alcaraz,A"]
[Black "Ramirez,Hei"]
[Result "0-1"]
[WhiteElo "2360"]
[BlackElo "2067"]

1.d4 d5 2.c4 e6 3.Nf3 Nf6 4.g3 Be7 5.Bg2 O-O 6.O-O c5 7.cxd5 Nxd5 8.e4 Nf6
9.Nc3 Nc6 10.d5 exd5 11.exd5 Nb4 12.Ne1 Bg4 13.Qd2 Qd7 14.a3 Na6 15.Nd3 Bd6
16.b3 Bh3 17.Bb2 Bxg2 18.Kxg2 Nc7 19.f3 h6 20.Ne4 Nfxd5 21.Ndxc5 Bxc5 22.Nxc5 Qb5
23.Qd4 Nf6 24.Ne4 Ncd5 25.Rac1 Rfd8 26.Rc5 Qxb3 27.Rxd5 Rxd5 28.Nxf6+ gxf6
29.Qxf6 Rd2+ 30.Rf2 Rxf2+ 31.Kxf2 Qb6+ 32.Qxb6 axb6  0-1

[Event "London Classic FIDE Open"]
[Site "London ENG"]
[Date "2011.12.07"]
[Round "5"]
[White "Bates,Ri"]
[Black "Karthikeyan,M2"]
[Result "0-1"]
[WhiteElo "2386"]
[BlackElo "2154"]

1.d4 Nf6 2.Nf3 d5 3.c4 e6 4.g3 Be7 5.Bg2 O-O 6.O-O c5 7.cxd5 exd5 8.Nc3 Nc6
9.Bg5 cxd4 10.Nxd4 h6 11.Be3 Be6 12.Rc1 Qd7 13.Nb3 Rad8 14.Nb5 a6 15.N5d4 Bh3
16.Nxc6 bxc6 17.Qd3 Bxg2 18.Kxg2 Ra8 19.Bc5 Rfe8 20.Nd4 Ng4 21.Nxc6 Bg5 22.f4 Qxc6
23.Bd4 Qb5 24.Qxb5 axb5 25.fxg5 Rxe2+ 26.Kg1 Nxh2 27.Rf2 Rxf2 28.Kxf2 Ra4
29.Ke3 hxg5 30.Rc5 Nf1+ 31.Kd3 Nxg3 32.Rxd5 Nh5 33.Rxb5 Nf4+ 34.Ke3 Ne6 35.Bc3 Rxa2
36.Ra5 Rxa5 37.Bxa5 Kf8 38.Ke4 Ke7 39.Bb4+ Kd7 40.Kf5 Kc6 41.Bc3 Kd5 42.Be5 Nd4+  0-1

[Event "2nd JAHV McGregor Open"]
[Site "Bogota COL"]
[Date "2011.12.08"]
[Round "6"]
[White "Martinez Romero,M"]
[Black "Cadena,J"]
[Result "1-0"]
[WhiteElo "2343"]
[BlackElo "2152"]

1.d4 d5 2.c4 e6 3.Nf3 Nf6 4.g3 Be7 5.Bg2 O-O 6.O-O c6 7.Nc3 Nbd7 8.Bf4 Nh5
9.Bd2 f5 10.c5 g6 11.b4 Bf6 12.Rb1 b5 13.a4 a6 14.e3 Re8 15.Ne2 Ng7 16.Bc3  1-0

[Event "Sportaccord WMG Rapid"]
[Site "Beijing CHN"]
[Date "2011.12.10"]
[Round "3"]
[White "Wang Yue"]
[Black "Nielsen,PH"]
[Result "1/2-1/2"]
[WhiteElo "2697"]
[BlackElo "2693"]

1.d4 Nf6 2.c4 e6 3.g3 d5 4.Nf3 Be7 5.Bg2 O-O 6.O-O dxc4 7.Qc2 a6 8.a4 Bd7
9.Qxc4 Bc6 10.Bf4 Bd6 11.Bg5 Nbd7 12.Nc3 h6 13.Bxf6 Nxf6 14.Rfe1 Bxf3 15.Bxf3 c6
16.Ne4 Nxe4 17.Bxe4 a5 18.e3 Qe7 19.Rac1 Rfd8 20.Red1 Rd7 21.Qe2 Rad8 22.h4 Bb4
23.h5 Qf6 24.Kg2 e5 25.dxe5 Qxe5 26.Rxd7 Rxd7 27.Qg4 Rd8 28.b3 Kf8 29.Rc4 Qg5
30.Qf3 Rd6 31.Bc2 Qd5 32.Be4 Qg5 33.Rc2 Qf6 34.Qg4 Qe6 35.Qxe6 Rxe6 36.Bf5 Re5
37.g4 Rc5 38.Rb2 b5 39.Rb1 bxa4 40.bxa4 Ke7 41.Kf3 Rd5 42.Be4 Rd6 43.Rc1 c5
44.Rc2 Rd2 45.Rc1 Kd6 46.Bf5 Ra2 47.Rd1+ Rd2 48.Rc1 Ra2 49.Rd1+ Rd2  1/2-1/2